Top Five Countries By Beverage Production - Statistics

General Stats
  • This quiz has been taken 3,920 times
  • The average score is 22 of 31
Answer Stats
Country % Correct
United States
99%
China
98%
France
98%
Italy
97%
India
96%
Brazil
95%
Spain
94%
Germany
90%
Egypt
87%
Russia
86%
Saudi Arabia
85%
Mexico
84%
Colombia
82%
Indonesia
81%
Pakistan
80%
Turkey
73%
United Arab Emirates
67%
Algeria
66%
Ethiopia
66%
Vietnam
64%
Bangladesh
60%
Greece
58%
Sudan
58%
Kenya
56%
Qatar
54%
Kazakhstan
47%
Nepal
41%
Sri Lanka
41%
Syria
41%
Somalia
40%
Mali
35%
No matching quizzes found
Score Distribution
Percent of People with Each Score
Percentile by Number Answered
Your Score History
You have not taken this quiz